| 000 | 01146nam a22003377a 4500 | ||
|---|---|---|---|
| 003 | CHAP | ||
| 005 | 20220329140932.0 | ||
| 008 | 971013s1988 r 00010 d | ||
| 010 | _a60047 | ||
| 011 | _a61019 | ||
| 035 | _a65183 | ||
| 040 | _cCHAP | ||
| 090 | _aTesis | ||
| 100 | 0 | 0 |
_aPineda Duque, Francisco. _988148 |
| 245 | _aEngorda de toretes en corral con raciones a base de pollinaza y melaza en Riva Palacio Michoacán | ||
| 260 |
_aCd. Juárez, Chih. : _bEl autor, _c1988 |
||
| 300 | _a66 h. | ||
| 502 | _aTesis (Ing. Agr. Zootecnista) -- Escuela Superior de Agricultura Hermanos Escobar | ||
| 590 |
_aALEPH _b10 _c20130110 _lUCH01 _h1339 |
||
| 590 |
_aBATCH-UPD _b10 _c20130110 _lUCH01 _h0340 |
||
| 590 |
_aBATCH-UPD _b10 _c20130110 _lUCH01 _h1847 |
||
| 590 |
_aBATCH-UPD _b10 _c20130410 _lUCH01 _h0013 |
||
| 590 |
_aBATCH-UPD _b10 _c20130914 _lUCH01 _h1453 |
||
| 590 |
_aCONVERSION _b10 _c20130109 _lUCH01 _h1332 |
||
| 650 | 1 | 4 |
_aGallinaza. _944445 |
| 650 | 1 | 4 |
_aGanado vacuno _xEngorda. _945461 |
| 650 | 1 | 4 |
_aMelaza en alimentación animal. _974315 |
| 901 | _aBK | ||
| 942 | _cTESIS | ||
| 949 |
_bBC _cTES _d-144474 _eTS1 _h29031 _i65183 _si |
||
| 999 |
_c60047 _d60047 |
||